Les tennismen présents dans le top 10 ATP depuis 2010 - Statistiques

Statistiques générales
  • Ce quiz a été pris 526 fois
  • Le résultat moyen est 26 sur 42
Statistiques - réponses
Dernière apparition Nombre d'apparitions Tennisman % Correct
2022 13 Rafael Nadal
100%
2023 13 Novak Djokovic
99%
2020 10 Roger Federer
99%
2016 7 Andy Murray
93%
2019 2 Gaël Monfils
90%
2023 2 Carlos Alcaraz
89%
2023 5 Daniil Medvedev
89%
2015 4 Jo-Wilfried Tsonga
88%
2023 6 Alexander Zverev
87%
2023 2 Jannik Sinner
85%
2023 5 Stéfanos Tsitsipás
85%
2017 5 Stanislas Wawrinka
84%
2022 2 Casper Ruud
77%
2015 3 Richard Gasquet
77%
2020 5 Dominic Thiem
76%
2023 1 Holger Rune
76%
2023 4 Andrey Rublev
73%
2015 6 David Ferrer
72%
2018 3 Juan Martín del Potro
72%
2017 1 Grigor Dimitrov
66%
2023 2 Taylor Fritz
66%
2018 4 Kei Nishikori
64%
2018 4 Marin Čilić
64%
2018 1 John Isner
56%
2023 3 Hubert Hurkacz
54%
2016 7 Tomáš Berdych
51%
2022 1 Félix Auger-Aliassime
50%
2016 2 Milos Raonic
50%
2021 3 Matteo Berrettini
48%
2017 1 David Goffin
44%
2010 1 Andy Roddick
41%
2018 1 Kevin Anderson
39%
2019 1 Roberto Bautista-Agut
39%
2010 1 Robin Söderling
39%
2017 1 Pablo Carreño Busta
38%
2020 1 Diego Schwartzman
36%
2010 1 Fernando Verdasco
30%
2017 1 Jack Sock
30%
2011 1 Nicolás Almagro
17%
2012 2 Janko Tipsarević
15%
2011 1 Mardy Fish
13%
2010 1 Mikhail Youzhny
10%
Aucun quiz correspondant
Distribution des résultats
% des personnes avec chaque résultat
Percentile par nombre de réponses
Votre historique - résultats
Vous n’avez pas pris ce quiz